00313nam a2200145Ia 4500008004100000041000800041100001000049245003800059260002400097300000800121365001000129500000900139520000900148650001000157230605s2012 xx 000 0 und d aeng aobite aUltimate family visual dictionary bDorling pub. c2012 a672 b249.5 a2184 aMisc aDict.